| 000 | 00404pab a2200157 454500 | ||
|---|---|---|---|
| 008 | 180718b2015 xxu||||| |||| 00| 0 eng d | ||
| 100 | _aRawat, Ayushi | ||
| 245 | _aLife worlds of children of sex workers in Budhwar Peth | ||
| 260 | _c2015 | ||
| 300 | _ap.573-590. | ||
| 362 | _aOct | ||
| 650 | _aSex workers | ||
| 700 | _aShewli Kumar | ||
| 773 | _aIndian Journal of Social Work | ||
| 909 | _a111978 | ||
| 999 |
_c111973 _d111973 |
||